Les 11 rappeurs à ne pas suivre 2 (Mister V) - Statistiques

Statistiques générales
  • Ce quiz a été pris 19 fois
  • Le résultat moyen est 5 sur 11
Statistiques - réponses
Les 11 rappeurs à ne pas suivre 2 % Correct
KEBLANC
83%
DJEUN'S
72%
ASKIP
67%
Terrasse Chauffée
56%
RAPIPOU
50%
EVENTS
44%
FRESH LA BOCA
44%
VentriLoco
33%
Le Cercle des Long Shorts
28%
Leterm et Tiedos
11%
TIMMY NICK
11%
Aucun quiz correspondant
Distribution des résultats
% des personnes avec chaque résultat
Percentile par nombre de réponses
Votre historique - résultats
Vous n’avez pas pris ce quiz